| 000 | 00702nac a22002051u 4500 | ||
|---|---|---|---|
| 008 | 100907s2003 ii |||||r|||| 001 0 eng d | ||
| 010 | _a2003041290 | ||
| 020 | _a0735619093 | ||
| 020 | _a8120323254 | ||
| 082 | 0 | 0 |
_a005.2768 _bSHA _222 |
| 100 |
_aSharp, John, _918520 |
||
| 245 | 1 | 0 |
_aNET step by step Microsoft Visual C: _bversion 2003 / _cJohn Sharp, Jon Jagger. |
| 260 |
_aNew Delhi : _bPrentice - Hall of India, _c2003. |
||
| 300 |
_axxvi, 635 p. : _bill. ; _c23 cm. + _e1 CD-ROM (4 3/4 in.) |
||
| 440 |
_aStep by step _918521 |
||
| 500 | _aIncludes index. | ||
| 650 | 0 |
_aC _a (Computer program language) _918522 |
|
| 700 | 1 |
_aJagger, Jon, _d1966- _918523 |
|
| 942 |
_cBB _k005.2768SHA _2ddc |
||
| 999 |
_c489 _d489 |
||